000 00939nam a22002417a 4500
001 6937
003 FISKH
005 20250611085610.0
008 250611b cb ||||| |||| 00| 0 eng d
020 _a9781908533678
040 _aFISKH
_beng
_cFISKH
_dFISKH
050 _aPZ7
082 _a641.56222
100 _aAnyomous
245 _aBaby & toddler :
_bDelicious, simple recipes for everyday cooking /
_cFood recipes selected by Jonnie Leger
260 _aHertfordshire :
_bTransatlantic Press,
_c2011.
300 _a46 pages :
_bcolor illustrations ;
_c25 cm
490 _aFood lovers
520 _aDesigned for those with busy lives and exacting standards in the kitchen, the budget cookery books in this series make no compromise, offering variety of choice, delicious and proven recipes with serving suggestions and brilliant design and photography.
650 _aFood
_vMenu
942 _2ddc
_cBK
_n0
999 _c6937
_d6937